00633 2200241 4500001002100000005001500021035002000036245007400056100001800130250000600148300003500154700001900189260003900208082000800247084001400255020002200269650001500291990001700306990001700323990001700340990001700357990001700374INLIS00000000000009420180825111455 a0010-08180000581 aGaris Singgung Lingkaran /cSigid Wadagdo; Ilustrator, Sefika Ruryati0 aSigid Wadagdo a- aiv, 68 hlm. :bilus. ;c21 cm.0 aSefika Ruryati aKlaten :bPT Intan Pariwara,c2008 a510 a510 SIG g a978-979-28-0359-4 aMatematika a00391/P/2018 a00392/P/2018 a00393/P/2018 a00394/P/2018 a00395/P/2018